<?xml version="1.0" encoding="UTF-8"?>
<collection xmlns="http://www.loc.gov/MARC21/slim">
 <record>
  <leader>00362pamaa2200145   4500</leader>
  <controlfield tag="001">0000013829</controlfield>
  <controlfield tag="005">20060508090000.0</controlfield>
  <datafield tag="082" ind1=" " ind2=" ">
   <subfield code="a">920 BOS</subfield>
  </datafield>
  <datafield tag="090" ind1="0" ind2="0">
   <subfield code="a">PR3533 </subfield>
   <subfield code="b">BOS</subfield>
  </datafield>
  <datafield tag="100" ind1="1" ind2="0">
   <subfield code="a">BOSWELL </subfield>
  </datafield>
  <datafield tag="245" ind1="1" ind2="4">
   <subfield code="a">The Life of Samuel Johnson  </subfield>
   <subfield code="c">James Boswell.</subfield>
  </datafield>
  <datafield tag="260" ind1="0" ind2="0">
   <subfield code="a">London: </subfield>
   <subfield code="b">Heron Books, </subfield>
   <subfield code="c">[ ? ].</subfield>
  </datafield>
  <datafield tag="300" ind1=" " ind2=" ">
   <subfield code="a">xi, 406p.: </subfield>
   <subfield code="b">21cm.</subfield>
  </datafield>
  <datafield tag="650" ind1="0" ind2="0">
   <subfield code="a">Biography </subfield>
  </datafield>
  <datafield tag="700" ind1="1" ind2="1">
   <subfield code="a">Johnson, </subfield>
   <subfield code="h">Samuel </subfield>
  </datafield>
 </record>
</collection>
